000 00493nam a2200193Ia 4500
003 BUBTL
008 151213s9999 xx 000 0 und d
020 _a0-07-136066-2
082 _a006.31WAH
100 _aWalsh, Ron A.
245 _aHandbook of machining and metalworking calculation
_cWalsh, Ron A.
260 _aNew York
_bMcGraw hill
_c2001
300 _a1817 p.
650 _aReference
700 _aWalsh, Ron A.
856 _k0
_l0
_yDownload
942 _2ddc
_cBK
999 _c1336
_d1336